000 00607nam a2200205 a 4500
001 BRCA_993
005 20190320203233.0
008 961202s1992 mx-a---###---#000-0#spa-#
020 _a970620167X
050 4 _aNK2117.B3
_b.S68 1992
100 1 _aSoto Walls, Luis
_93276
245 1 0 _aEl diseño de lo privado
_bel baño
_cLuis Soto Walls.
260 _aMéxico
_bUAM
_c1992
300 _a147 p.
_bil.
_c27 cm.
440 0 _aColección libro de texto
_93277
504 _aBibliografía: p. 139-146
650 1 4 _aCuartos de baño
_xDiseño
_93278
650 1 4 _aCuartos de baño
_xHistoria
_93279
942 _2lcc
_cB
999 _c877
_d877